| 000 | 00518nmm a2200169Ia 4500 | ||
|---|---|---|---|
| 008 | 251105s9999||||xx |||||||||||||||||und|| | ||
| 020 | _a9789681678616 | ||
| 041 | _aspa | ||
| 100 | _aPérez Tamayo, Ruy | ||
| 245 | 0 | _aHistoria general de la ciencia en México en el siglo XX | |
| 264 |
_a[México D.C., Mexico] : _bFondo de Cultura Económica, _c2010 |
||
| 300 | _a319 páginas | ||
| 490 | _aCiencia y Tecnología | ||
| 650 | _aSciences | ||
| 856 | _uhttps://public.digitaliapublishing.com/a/42993 | ||
| 942 | _cCF | ||
| 999 |
_c97059 _d97059 |
||